000 01414cam a2200373 i 4500
999 _c533248
_d533248
001 18931599
003 NUST
005 20191217103221.0
008 160111s2016 mau 001 0 eng
010 _a 2016000880
020 _a9781292086118
038 _aMSOHAIL
040 _aDLC
_beng
_cDLC
_erda
_dDLC
042 _apcc
050 0 0 _aHF5437
_b.L97 2016
082 0 0 _a658.72
_223
100 1 _aLysons, Kenneth,
_eauthor.
_927059
240 1 0 _aPurchasing and supply chain management.
245 1 0 _aProcurement and supply chain management /
_cKenneth Lysons, MA, MEd, PhD, Dipl.PA, Ac.Dip.Ed., DMS, FCIS, FCIPS, FInst M, MILT, Brian Farrington, BSc(Econ), MSc, PhD, FCIPS.
250 _aNinth Edition.
264 1 _aBoston :
_bPearson,
_c2016.
300 _axx, 671 pages ;
_c25 cm
336 _atext
_2rdacontent
337 _aunmediated
_2rdamedia
338 _avolume
_2rdacarrier
500 _aIncludes indexes.
650 0 _aPurchasing.
_927060
650 0 _aBusiness logistics.
_927061
700 1 _aFarrington, Brian,
_eauthor.
_927062
776 0 8 _iOnline version:
_aLysons, Kenneth, author.
_tProcurement and supply chain management
_bNinth Edition.
_dNew York : Pearson, 2016
_z9781292086149
_w(DLC) 2016001151
906 _a7
_bcbc
_corignew
_d1
_eecip
_f20
_gy-gencatlg
942 _2ddc
_cBK